Μελέτη της χωρικής κατανομής παραμέτρων ποιότητας του θαλασσίου περιβάλλοντος με χρήση ΓΣΠ και γεω-στατιστικών μεθόδων : η περίπτωση του στενού της Μυτιλήνης, Ν. Λέσβος : πτυχιακή εργασία

Αποθηκεύτηκε σε:
Λεπτομέρειες βιβλιογραφικής εγγραφής
Κύριος συγγραφέας: Ρούμελης, Σταύρος Β.
Συγγραφή απο Οργανισμό/Αρχή: Πανεπιστήμιο Αιγαίου Σχολή Περιβάλλοντος Τμήμα Επιστημών της Θάλασσας
Άλλοι συγγραφείς: Κίτσιου, Δήμητρα (dgsf)
Μορφή: Thesis Βιβλίο
Γλώσσα:Greek
Δημοσίευση: 2010.
Θέματα:
Διαθέσιμο Online:http://hdl.handle.net/11610/7365
Ετικέτες: Προσθήκη ετικέτας
Δεν υπάρχουν, Καταχωρήστε ετικέτα πρώτοι!

MARC

LEADER 00000cam a2200000 i 4500
001 1/14564
008 110805s2010 gre d
035 |l 10110627 
040 |a GR-MY-UA  |b gre  |e aacr 
041 0 |a gre 
082 0 |a 333.917  |2 (22) 
100 1 |a Ρούμελης, Σταύρος Β. 
245 1 0 |a Μελέτη της χωρικής κατανομής παραμέτρων ποιότητας του θαλασσίου περιβάλλοντος με χρήση ΓΣΠ και γεω-στατιστικών μεθόδων :   |b η περίπτωση του στενού της Μυτιλήνης, Ν. Λέσβος : πτυχιακή εργασία /   |c Σταύρος Β. Ρούμελης ; επιβλέπουσα καθηγήτρια: Δήμητρα Κίτσιου.  
260 |c 2010.  
300 |a 42 σ. :   |b εικ., πιν. ;   |c 30 εκ.  
502 |a Πτυχιακή εργασία - Πανεπιστήμιο Αιγαίου, Λέσβος, 2010. 
504 |a Βιβλιογραφία: σ. 41-42.  
650 0 0 |a Coastal zone management  |x Geographic information systems. 
650 0 |a Coastal zone management  |z Greece  |z Mytilene (Lesbos) 
650 0 0 |a Dissertations, Academic  |z Greece. 
650 0 0 |a Marine pollution  |z Greece  |z Mytilene (Lesbos) 
700 1 |a Κίτσιου, Δήμητρα,  |e dgsf 
710 2 |a Πανεπιστήμιο Αιγαίου  |b Σχολή Περιβάλλοντος  |b Τμήμα Επιστημών της Θάλασσας. 
852 |a INST  |b LESVOS  |c DIATR  |e 20110805  |h 521  |p 005100049731  |q 005100049731  |t DIE  |y 23 
852 |a INST  |b LESVOS  |c DIATR  |e 20110805  |h 522  |p 005100049732  |q 005100049732  |t DIE  |y 23 
856 |u http://hdl.handle.net/11610/7365 
901 |a BIBL1-2011-2 
909 |a Λ  |b 169512 
909 |a Λ  |b 169513 
924 |a ΡΟΥΜΕΛΗΣ  |b ΣΤΑΥΡΟΣ  |y ΛΕΣΒΟΣ  |z 2011-07 
970 |a ΠΑΤΣΗ  |b ΑΝΘΙΠΠΗ  |z 2011/08/05